Who Won? - Best Musical (1990s) Quiz Stats

 Plays Quiz not verified by Sporcle

Challenge
Share
Tweet
Embed
Score 0/10 Timer 03:00
0 Plays Today
Question Answer Wrong Answers
1996 Rent
86%
Bring in 'da Noise, Bring in 'da Funk
6%
Chronicle of a Death Foretold
2.8%
Swinging on a Star
3.3%
1998 The Lion King
85.6%
Side Show
1.4%
The Scarlet Pimpemel
3.3%
Ragtime
7.4%
1995 Sunset Boulevard
81.4%
Smokey Joe's Cafe
17.2%
1997 Titanic
74%
Juan Darien
2.3%
Steel Pier
10.7%
The Life
10.7%
1993 Kiss of the Spider Woman
68.4%
Blood Brothers
14.4%
The Goodbye Girl
7.9%
The Who's Tommy
8.8%
1999 Fosse
61.4%
The Civil War
7.4%
It Ain't Nothin' But the Blues
7.9%
Parade
20.5%
1990 City of Angels
58.1%
Meet Me in St. Louis
12.6%
Grand Hotel
15.8%
Aspects of Love
13%
1992 Crazy for You
56.3%
Falsettos
17.7%
Five Guys Named Moe
12.6%
Jelly's Last Jam
13%
1994 Passion
46%
A Grand Night for Singing
5.1%
Beauty and the Beast
42.8%
Cyrano: The Musical
4.7%
1991 The Will Rogers Follies
37.2%
Miss Saigon
40.9%
Once on This Island
7%
The Secret Garden
14.4%

You're not logged in!

Compare scores with friends on all Sporcle quizzes.
Join for Free
OR
Log In

You Might Also Like...

Show Comments

Extras

Top Quizzes Today


Score Distribution

Your Account Isn't Verified!

In order to create a playlist on Sporcle, you need to verify the email address you used during registration. Go to your Sporcle Settings to finish the process.

Report this User

Report this user for behavior that violates our Community Guidelines.

Details: